| 000 | 01803nam a2200361 a 4500 | ||
|---|---|---|---|
| 999 |
_c207256 _d207256 |
||
| 003 | BLK | ||
| 005 | 20241025005440.0 | ||
| 008 | 180411b bul|||||r ||||||| ||bul|| | ||
| 010 | _aKNG00217018000 | ||
| 040 | _aBLK | ||
| 041 |
_aBUL _cBUL |
||
| 080 |
_aБългарска литература _b821.163.2 _x(081.1) _z821.163.2(081.1) |
||
| 080 |
_aБългарска литература _b821.163.2 _x-2 _z821.163.2-2 |
||
| 100 |
_aЙовков, Йордан Стефанов _d1880-1937 _gПисател класик - белетрист, драматург, майстор на късия разказ _9363298 |
||
| 139 |
_aЙовков, Йордан Стефанов _bИ 77 |
||
| 245 | 1 | 0 |
_aСъбрани съчинения _bВ 7 т. _cЙордан Стефанов Йовков ; ред. кол. Невена Караиванова _nТ. 7. _pПиеси : Албена ; Боряна ; Милионерът |
| 257 | _aBGR | ||
| 260 |
_aСофия _bБълг. писател _c1956 - |
||
| 300 | _c18 см | ||
| 380 | _aX | ||
| 500 | _aДруги ред. : Андрей Гуляшки, Елка Йовкова, Илия Волен, Симеон Султанов. | ||
| 700 | 1 |
_aКараиванова, Невена _eред. кол. _9377157 |
|
| 700 | 1 |
_aЙовкова, Елка _eред. на том _9384248 |
|
| 760 | 1 |
_aЙовков, Йордан Стефанов _d1956 (София : Д. Благоев) _h480 с. : 4 л. ил., 1 портр. _tТ. 7. Пиеси :Албена ; Боряна ; Милионерът / Елка Йовкова |
|
| 852 | _aЦб 3623 | ||
| 856 | 4 | _qpdf | |
| 856 | 4 | _qpdf | |
| 942 |
_cKNG _n0 _s1 |
||
| 944 |
_aCR _c09.03.2018 _k _lCRON CRON |
||
| 944 |
_aED _c09.03.2018 _kНора_Радева |
||
| 944 |
_aED _c2021-10-05 _kГГГ |
||
| 999 | _d207256 | ||